00423 2200181 4500001002100000008004100021035002000062245003000082100001800112250000600130260003700136300001200173084001400185082000800199650001000207990001200217990001200229INLIS000000000001315 ind  a0010-0524000550 aPuusin LovecAnnora Putri aPutri, Annora a1 aYogyakarta :bSheila/ Andic2008 a158 hlm a813 ANN p a813 aFiksi a0741472 a0741473